000 00432cam a2200181 4500
001 D13347
008 090401t1957 xxu||||| |||| 00| 0 eng d
035 _a(Sirsi) u9135
041 _aeng
050 _a380.1
100 _aMacintyre, D.
245 4 _aThe law relating to auctioneers and estate agents
260 _aLondon
_bSweet and Maxwell
_c1957
350 _a0
520 _aShelf 118
942 _n0
948 _c04/03/1997
999 _c86606
_d86606